[Event "Dortmund Sparkassen op-B"]
[Site "Dortmund"]
[Date "2012.07.20"]
[Round "7"]
[White "Wilken, Bernd"]
[Black "Thiemann, Marc"]
[Result "1-0"]
[WhiteElo "1208"]
[BlackElo "1342"]
[PlyCount "105"]
[EventDate "2012.07.14"]
[EventType "swiss"]
[EventRounds "9"]
[EventCountry "GER"]
[SourceTitle "EXT 2014"]
[Source "ChessBase"]
[SourceDate "2013.11.20"]
[SourceVersion "1"]
[SourceVersionDate "2013.11.20"]
[SourceQuality "1"]

1. d4 d5 2. c4 e6 3. Nc3 Nf6 4. Bg5 Be7 5. Nf3 h6 6. Bh4 0-0 7. e3 b6 8. cxd5 Nxd5 9. Bxe7 Nxe7 10. Bd3 Bb7 11. 0-0 Nbc6 12. a3 a6 13. Rc1 Re8 14. Qc2 Rc8 15. Rfd1 Nd5 16. Nxd5 Qxd5 17. Be4 Qb5 18. Bxc6 Bxc6 19. Qxc6 Qxb2 20. Qc3 Qb5 21. Qb4 Qd5 22. Rd2 Red8 23. Rdc2 Rd7 24. Ne5 Rd6 25. h3 a5 26. Qc4 Qb7 27. Qb3 c6 28. Nc4 Rd5 29. Qxb6 Qe7 30. Qb2 Rb5 31. Qc3 c5 32. Ne5 Qd6 33. Qd3 Rcb8 34. Rxc5 Rxc5 35. Rxc5 f6 36. Nf3 Kf8 37. Qc2 Qd7 38. Qe4 a4 39. Qc6 Qe7 40. Nh4 Kg8 41. d5 Kh7 42. d6 Qf8 43. d7 Qe7 44. Qc8 Rb1+ 45. Kh2 Qd6+ 46. f4 Rd1 47. d8Q Qxd8 48. Qxd8 Rxd8 49. Ra5 Rd3 50. Rxa4 Rxe3 51. Ra8 Re4 52. a4 Rxf4 53. Rh8+ 1-0